Practical handbook on headline design in publication layout.

Bibliographic Details
Main Author: Butler, Kenneth B.
Format: Book
Language:English
Published: [Mendota, Ill.] : [Butler Typo-Design Research Center], [1954]
Subjects:

MARC

Tag First Indicator Second Indicator Subfields
LEADER 00000cam a2200000 4500
001 in00000060380
005 20151007082553.0
008 770214s1954 ilua 00000 eng
010 |a  54021579  
035 |a (OCoLC)02738399 
035 |9 AAF8079AM 
040 |a DLC  |c LWA  |d TXA  |d UtOrBLW 
049 |a TXAM  |c [263133] 
050 0 |a PN4784.H4  |b B8 
082 0 |a 070.41 
092 |a 070.41  |b B985p 
100 1 |a Butler, Kenneth B. 
245 1 0 |a Practical handbook on headline design in publication layout. 
264 1 |a [Mendota, Ill.] :  |b [Butler Typo-Design Research Center],  |c [1954] 
300 |a 95 pages :  |b illustrations ;  |c 28 cm. 
336 |a text  |b txt  |2 rdacontent 
337 |a unmediated  |b n  |2 rdamedia 
338 |a volume  |b nc  |2 rdacarrier 
650 0 |a Newspapers  |x Headlines. 
650 0 |a Makeup (Printing) 
740 0 |a Headline design in publication layout. 
999 |a MARS 
999 f f |s de397abb-9fb1-3b50-a444-72970b1da8d4  |i 66e56a9d-dd68-3f2c-8926-600618bf3c9b  |t 0 
952 f f |p ric  |a Texas A&M University  |b Rellis Campus  |c Joint Library Facility  |d Remote Storage  |t 0  |e PN4784.H4 B8  |h Library of Congress classification  |i unmediated -- volume  |m A14800500984 
998 f f |a PN4784.H4 B8  |t 0  |l Remote Storage